000 00935nam a2200217Ia 4500
001 11488
003 GE_BSU
008 181216s||||||||xx |||||||||||||| ||und||
040 _cGE_BSU
080 _a553.97(479.22)+633/635(213):631.831
100 _aმენაღარიშვილი,ა.ჯ.
245 _aსაქართველოს ტორფი და ტორფის სასუქები სუბტროპიკული კულტურებისათვის
245 _cრედ:ტ.კვარაცხელია.
260 _aთბილისი
260 _bსახელგამი
260 _c1949
300 _a327გვ;20სმ.
300 _bცხრ.
653 _aსაქართველოს ტორფი და ტორფის სასუქები სუბტროპიკული კულტურებისათვის
942 _cBK
999 _c44684
_d44684